| 000 | 00738nam a2200193 i 4500 | ||
|---|---|---|---|
| 001 | 147835 | ||
| 003 | ES-MaACL | ||
| 005 | 20230906202259.0 | ||
| 007 | t| | ||
| 008 | 071005s1974 sp ||||1| spa d | ||
| 100 | 1 |
_aUtrera Molina, José. _9112333 |
|
| 245 | 1 | 0 |
_aDesarrollo político / _cdiscurso de José Utrera Molina y texto del documento-base sobre desarrollo político ; Consejo Nacional del Movimiento (22 de julio de 1974). |
| 260 |
_aMadrid : _bEdiciones del Movimiento, _c1974. |
||
| 300 |
_a39 p. : _bil. ; _c21 cm. |
||
| 651 | 4 |
_aEspaña- _xHistoria- _y1955-1975. _98337 |
|
| 710 | 2 |
_aMovimiento Nacional (España). _bConsejo Nacional. _95778 |
|
| 710 | 2 |
_aEdiciones del Movimiento. _9171800 |
|
| 852 |
_aES-MaACL _j2087-F-1 |
||
| 999 |
_c147835 _d147835 |
||